000 00869nas a2200277 4500
001 BR7600618
003 BR-BrBNA
005 20231205082909.0
007 ta
008 230509b bl.|||p| |||| 00| 00por d
040 _aBR-BrBNA
_bpor
_cBiblioteca Nacional de Agricultura
041 _a(Pt)
072 _aF30
100 1 _aManica, I.
100 1 _aSimao, S.
100 1 _aKoller, O.C.
100 1 _aPerez, F.P.Z.
100 1 _aConde, A.R.
245 1 _aInfluencia da epoca de selecao do rebento sobre o desenvolvimento e producao do primeiro rebento (segundo ciclo)da bananeira (Musa acuminata)cv. "Nanicao"
650 _aBANANA
650 _aREPRODUCAO VEGETAL
650 _aREBENTO
773 0 _tRevista Ceres (Brazil)
_xISSN 0034-737X
_g(Sep 1975), v. 22(123) p. 359-366
_wBR7600618
909 _a202311
_bLúcia
_c55
_dLúcia Elande
942 _2AGRIS
_n0
_cANA
999 _c94944
_d94944